[Event "14. Open de la Constitución 2013"]
[Site "San Sebastian de los Reyes ES"]
[Date "2013.12.05"]
[Round "6.28"]
[White "Hernandez Ramos, Alberto"]
[Black "Jimenez Perez, Federico"]
[Result "1-0"]
[WhiteElo "1457"]
[BlackElo "1289"]
[PlyCount "91"]
[EventDate "2013.11.30"]
[EventType "swiss"]
[EventRounds "9"]
[EventCountry "ESP"]
[Source "lmi"]
[SourceDate "2013.11.30"]

1. e4 c5 2. Nf3 d6 3. d4 cxd4 4. Nxd4 Nf6 5. Nc3 g6 6. f3 Bg7 7. Be3 O-O 8. Qd2
Nc6 9. Bc4 Bd7 10. O-O-O Rc8 11. Bb3 Nxd4 12. Bxd4 e5 13. Be3 Bc6 14. Qxd6 Qa5
15. Qd2 Rcd8 16. Qf2 Nh5 17. g3 b6 18. Bg5 Nf6 19. Qe3 Rd4 20. h4 h5 21. Bxf6
Bxf6 22. g4 Kh7 23. Kb1 Be7 24. Rxd4 exd4 25. Qxd4 Rd8 26. Qc4 Be8 27. Nd5 Rd7
28. Ba4 Rd8 29. Nxe7 Qd2 30. Nd5 Kg7 31. Bxe8 Rxe8 32. Qc3+ Qxc3 33. Nxc3 f5
34. g5 fxe4 35. fxe4 b5 36. b4 a6 37. Rf1 Rf8 38. Rxf8 Kxf8 39. Nd5 Kf7 40. Nf4
Kg7 41. Kb2 Kf7 42. e5 Kg7 43. a4 bxa4 44. c4 Kf7 45. b5 axb5 46. cxb5 1-0

[Event "14. Open de la Constitución 2013"]
[Site "San Sebastian de los Reyes ES"]
[Date "2013.12.05"]
[Round "6.30"]
[White "Martin Rodriguez, Jose Luis"]
[Black "Gomez Escurin, Jose Manuel"]
[Result "1-0"]
[WhiteElo "1443"]
[BlackElo "1301"]
[PlyCount "65"]
[EventDate "2013.11.30"]
[EventType "swiss"]
[EventRounds "9"]
[EventCountry "ESP"]
[Source "lmi"]
[SourceDate "2013.11.30"]

1. e4 e6 2. d4 d5 3. Nc3 c5 4. exd5 exd5 5. dxc5 d4 6. Ne4 Qa5+ 7. Bd2 Qc7 8.
b4 Bf5 9. Qe2 Qe5 10. Nd6+ Bxd6 11. cxd6 Qxe2+ 12. Bxe2 Bxc2 13. Rc1 d3 14. Bf3
Nc6 15. b5 Nd4 16. Bxb7 Rb8 17. Bc6+ Nxc6 18. bxc6 Rb6 19. c7 Kd7 20. Bf4 Nf6
21. Nf3 Rc6 22. Ne5+ Kc8 23. Nxc6 Re8+ 24. Ne7+ Kd7 25. Rxc2 dxc2 26. Kd2 Ne4+
27. Kxc2 Nxd6 28. Bxd6 Rxe7 29. Bxe7 Kxc7 30. Rd1 g6 31. Rd4 a6 32. Kd3 Kb6 33.
Ke4 1-0

[Event "14. Open de la Constitución 2013"]
[Site "San Sebastian de los Reyes ES"]
[Date "2013.12.06"]
[Round "7.1"]
[White "Adan Bermudez, Sergio"]
[Black "Almagro Llamas, Pablo"]
[Result "1/2-1/2"]
[WhiteElo "2312"]
[BlackElo "2467"]
[PlyCount "113"]
[EventDate "2013.11.30"]
[EventType "swiss"]
[EventRounds "9"]
[EventCountry "ESP"]
[Source "lmi"]
[SourceDate "2013.11.30"]

1. Nf3 Nf6 2. d3 d5 3. g3 c5 4. Bg2 Nc6 5. Nbd2 g6 6. O-O Bg7 7. c4 d4 8. a3 a5
9. Ne1 O-O 10. Nc2 Qc7 11. b4 axb4 12. Nb3 Nd7 13. axb4 Rxa1 14. Nbxa1 Nxb4 15.
Nxb4 cxb4 16. Qa4 Nc5 17. Qxb4 Bg4 18. Ba3 b6 19. Re1 Be5 20. h3 Bd7 21. Rb1
Na4 22. Qxe7 Re8 23. Qg5 Nc3 24. Re1 h6 25. Qh4 Kg7 26. Bc1 g5 27. Qh5 Bxg3 28.
fxg3 Qxg3 29. Bd2 Bc6 30. e4 Qxd3 31. Bxc3 dxc3 32. Qe2 Qd4+ 33. Kh1 Qe5 34.
Nc2 Rd8 35. Nb4 Ba4 36. Qa2 Qg3 37. Rg1 Bd7 38. Bf1 Qe3 39. Qg2 Ba4 40. Qe2 Qf4
41. Nd3 Qd2 42. Rg2 Qxe2 43. Bxe2 Bc6 44. Kg1 c2 45. Bf1 Rxd3 46. Rxc2 Rd1 47.
e5 b5 48. c5 Re1 49. Kf2 Rxe5 50. Bg2 Rf5+ 51. Kg3 Rf6 52. Rb2 Bxg2 53. Kxg2 h5
54. Rxb5 Rf5 55. Kg3 h4+ 56. Kg2 Rf4 57. c6 1/2-1/2

[Event "14. Open de la Constitución 2013"]
[Site "San Sebastian de los Reyes ES"]
[Date "2013.12.06"]
[Round "7.2"]
[White "Aziz Ortego, Omar Luis"]
[Black "Rubio Mejia, Luis Ignacio"]
[Result "1/2-1/2"]
[WhiteElo "2037"]
[BlackElo "2452"]
[PlyCount "103"]
[EventDate "2013.11.30"]
[EventType "swiss"]
[EventRounds "9"]
[EventCountry "ESP"]
[Source "lmi"]
[SourceDate "2013.11.30"]

1. e4 c5 2. c4 Nc6 3. Ne2 Nf6 4. Nbc3 g6 5. d4 cxd4 6. Nxd4 Nxd4 7. Qxd4 d6 8.
Bg5 Bg7 9. Qd2 O-O 10. f3 Qa5 11. Bh6 Be6 12. Bxg7 Kxg7 13. Nd5 Qxd2+ 14. Kxd2
Bxd5 15. cxd5 e6 16. dxe6 fxe6 17. Rc1 Rac8 18. Bc4 Kf7 19. Bb3 g5 20. Rxc8
Rxc8 21. g4 h6 22. h4 a5 23. hxg5 hxg5 24. Kd3 b5 25. a3 a4 26. Ba2 Rc5 27. Rh8
Ke7 28. Kd2 d5 29. exd5 Nxd5 30. Rh7+ Kd6 31. Bxd5 Kxd5 32. Rg7 Kc4 33. Kc2
Kd4+ 34. Kd2 Kc4 35. Kc2 b4 36. axb4 Kxb4+ 37. Kb1 Re5 38. Ka2 Re2 39. Rb7+ Ka5
40. Rb8 Rf2 41. Rg8 Kb4 42. Rxg5 a3 43. Re5 Rxb2+ 44. Ka1 Rf2 45. Re4+ Kb3 46.
Re3+ Kb4 47. g5 Rf1+ 48. Ka2 Rf2+ 49. Kb1 Rf1+ 50. Ka2 Rf2+ 51. Kb1 Rf1+ 52.
Ka2 1/2-1/2

[Event "14. Open de la Constitución 2013"]
[Site "San Sebastian de los Reyes ES"]
[Date "2013.12.06"]
[Round "7.3"]
[White "Camarero Izquierdo, Juan Carlos"]
[Black "Lopez De Turiso, Jose Angel"]
[Result "0-1"]
[WhiteElo "1845"]
[BlackElo "2123"]
[PlyCount "52"]
[EventDate "2013.11.30"]
[EventType "swiss"]
[EventRounds "9"]
[EventCountry "ESP"]
[Source "lmi"]
[SourceDate "2013.11.30"]

1. d4 f5 2. Nc3 Nf6 3. Bg5 Nc6 4. Bxf6 exf6 5. d5 Ne5 6. e3 Bb4 7. Qd4 Qe7 8.
Bd3 c5 9. dxc6 dxc6 10. O-O-O Be6 11. Nge2 c5 12. Bb5+ Kf7 13. Qh4 a6 14. Bd3
c4 15. Bxf5 Bxf5 16. Nd5 Qc5 17. e4 Be6 18. Nef4 c3 19. Nxe6 cxb2+ 20. Kb1 Kxe6
21. f4 Nc4 22. Qg4+ Kf7 23. c3 Na3+ 24. Kxb2 Bxc3+ 25. Kb3 b5 26. Ne3 Qb4# 0-1

[Event "14. Open de la Constitución 2013"]
[Site "San Sebastian de los Reyes ES"]
[Date "2013.12.06"]
[Round "7.4"]
[White "Quevedo Marin, Manuel"]
[Black "Valles Moreno, Ivan"]
[Result "0-1"]
[WhiteElo "2167"]
[BlackElo "2373"]
[PlyCount "68"]
[EventDate "2013.11.30"]
[EventType "swiss"]
[EventRounds "9"]
[EventCountry "ESP"]
[Source "lmi"]
[SourceDate "2013.11.30"]

1. d4 Nf6 2. c4 c5 3. d5 e6 4. Nc3 exd5 5. cxd5 Bd6 6. Nf3 O-O 7. Bg5 Re8 8. e3
Bf8 9. Be2 d6 10. O-O a6 11. a4 Nbd7 12. Nd2 h6 13. Bh4 Ne5 14. e4 Rb8 15. Rb1
Bd7 16. b4 b5 17. axb5 axb5 18. h3 c4 19. Qc2 Ng6 20. Bg3 Qb6 21. Ra1 Ra8 22.
Qb2 Be7 23. Kh1 Rxa1 24. Rxa1 Nh7 25. Ra5 Bf6 26. Qc2 Ng5 27. Ndb1 Be5 28. Bxe5
dxe5 29. Bg4 Bxg4 30. hxg4 Nf4 31. Rxb5 Qg6 32. Nd2 h5 33. Nf1 hxg4 34. Ng3 Nf3
0-1

[Event "14. Open de la Constitución 2013"]
[Site "San Sebastian de los Reyes ES"]
[Date "2013.12.06"]
[Round "7.5"]
[White "Baeza Escudero, Javier"]
[Black "Roa Alonso, Santiago"]
[Result "0-1"]
[WhiteElo "1969"]
[BlackElo "2401"]
[PlyCount "92"]
[EventDate "2013.11.30"]
[EventType "swiss"]
[EventRounds "9"]
[EventCountry "ESP"]
[Source "lmi"]
[SourceDate "2013.11.30"]

1. d4 Nf6 2. c4 c5 3. d5 e6 4. g3 exd5 5. cxd5 d6 6. Nc3 g6 7. Bg2 Bg7 8. Nf3
O-O 9. O-O a6 10. a4 Nbd7 11. Bf4 Ne8 12. Qd2 Nb6 13. Bh6 Nc4 14. Qf4 Qf6 15.
Qxf6 Nxf6 16. Bxg7 Kxg7 17. b3 Na5 18. Nd2 Re8 19. Rfe1 Bd7 20. Rab1 b5 21. b4
cxb4 22. Rxb4 Rac8 23. Ndb1 Rc5 24. axb5 axb5 25. e4 Nxd5 26. Nxd5 Rxd5 27. Na3
Rc5 28. Reb1 Nc4 29. Nxb5 Nd2 30. Nxd6 Ra8 31. Re1 Ra2 32. e5 Rxe5 33. Rbb1
Rea5 34. Rbc1 Nb3 35. Rcd1 Bg4 36. Ne8+ Kh6 37. Rd3 Re5 38. Rde3 Rxe3 39. fxe3
Nd2 40. Rc1 Nf3+ 41. Kh1 Ne5 42. Rf1 Be2 43. Bd5 Rd2 44. Rf2 Ng4 45. Rxe2 Rxe2
46. Bf3 Rxe3 0-1

[Event "14. Open de la Constitución 2013"]
[Site "San Sebastian de los Reyes ES"]
[Date "2013.12.06"]
[Round "7.6"]
[White "Castejon Caballero, Andres"]
[Black "Martinez De Navascues, Francisco"]
[Result "1-0"]
[WhiteElo "2121"]
[BlackElo "1656"]
[PlyCount "119"]
[EventDate "2013.11.30"]
[EventType "swiss"]
[EventRounds "9"]
[EventCountry "ESP"]
[Source "lmi"]
[SourceDate "2013.11.30"]

1. e4 c5 2. Nf3 e6 3. d4 cxd4 4. Nxd4 Nc6 5. Nxc6 bxc6 6. Bd3 Nf6 7. O-O e5 8.
Be3 d6 9. h3 Be7 10. c4 O-O 11. Nc3 Nd7 12. Na4 Bg5 13. Bxg5 Qxg5 14. c5 Nxc5
15. Nxc5 dxc5 16. Qf3 Be6 17. Rfc1 Rab8 18. b3 Rfd8 19. Rxc5 Qd2 20. Bf1 Qb2
21. Qc3 Qxc3 22. Rxc3 Rd6 23. Rac1 Rc8 24. Ba6 Rc7 25. Kf1 Kf8 26. Ke2 Ke7 27.
R1c2 g6 28. Rc5 f6 29. Bc4 Bxc4+ 30. R5xc4 Kd7 31. Rc5 Rd4 32. Rd2 Kd6 33. Ra5
Rxd2+ 34. Kxd2 Ke6 35. Ra6 Ke7 36. Kc3 Kd7 37. Kc4 Kd6 38. b4 f5 39. exf5 gxf5
40. Ra3 Rg7 41. Rd3+ Kc7 42. g3 Rd7 43. Rxd7+ Kxd7 44. Kc5 h5 45. h4 Kc7 46. b5
cxb5 47. Kxb5 f4 48. gxf4 exf4 49. Kc5 f3 50. Kd5 Kd7 51. Ke5 a6 52. Kf4 Ke6
53. Kxf3 Kf5 54. Ke3 Kg4 55. f4 Kxh4 56. Kf3 a5 57. a4 Kh3 58. f5 h4 59. f6 Kh2
60. f7 1-0

[Event "14. Open de la Constitución 2013"]
[Site "San Sebastian de los Reyes ES"]
[Date "2013.12.06"]
[Round "7.7"]
[White "Alvarez Abejon, Amilcar"]
[Black "Gonzalez Mateos, Rafael"]
[Result "1/2-1/2"]
[WhiteElo "2081"]
[BlackElo "2010"]
[PlyCount "28"]
[EventDate "2013.11.30"]
[EventType "swiss"]
[EventRounds "9"]
[EventCountry "ESP"]
[Source "lmi"]
[SourceDate "2013.11.30"]

1. d4 Nf6 2. c4 e6 3. Nc3 Bb4 4. e3 Bxc3+ 5. bxc3 d6 6. Bd3 O-O 7. Ne2 e5 8.
Ng3 Nc6 9. O-O Re8 10. Qc2 exd4 11. exd4 h6 12. Bd2 b6 13. Rae1 Rxe1 14. Rxe1
Na5 1/2-1/2

[Event "14. Open de la Constitución 2013"]
[Site "San Sebastian de los Reyes ES"]
[Date "2013.12.06"]
[Round "7.8"]
[White "Cabañas Bravo, Juan Andres"]
[Black "Perez Del Amo, Jorge"]
[Result "1-0"]
[WhiteElo "2089"]
[BlackElo "1847"]
[PlyCount "51"]
[EventDate "2013.11.30"]
[EventType "swiss"]
[EventRounds "9"]
[EventCountry "ESP"]
[Source "lmi"]
[SourceDate "2013.11.30"]

1. e4 g6 2. d4 Bg7 3. Nc3 d6 4. f4 e6 5. Nf3 Ne7 6. Ne2 b5 7. c3 Bb7 8. Ng3 a6
9. Be3 Nd7 10. a4 c6 11. a5 c5 12. b4 c4 13. Be2 O-O 14. h4 h5 15. Ng5 Nf6 16.
e5 dxe5 17. fxe5 Ng4 18. Bxg4 hxg4 19. Qxg4 Nf5 20. Nxf5 exf5 21. Qh3 Qd5 22.
Ra2 f6 23. exf6 Bxf6 24. h5 Kg7 25. hxg6 Rh8 26. Nh7 1-0

[Event "14. Open de la Constitución 2013"]
[Site "San Sebastian de los Reyes ES"]
[Date "2013.12.06"]
[Round "7.9"]
[White "Fernandez Aransay, Fernando"]
[Black "Castejon Caballero, Natalia"]
[Result "0-1"]
[WhiteElo "1860"]
[BlackElo "2011"]
[PlyCount "98"]
[EventDate "2013.11.30"]
[EventType "swiss"]
[EventRounds "9"]
[EventCountry "ESP"]
[Source "lmi"]
[SourceDate "2013.11.30"]

1. e4 c5 2. Nf3 d6 3. d4 cxd4 4. Nxd4 Nf6 5. Nc3 g6 6. Be3 Bg7 7. h3 O-O 8. Bc4
Nc6 9. O-O Bd7 10. Bb3 a6 11. Re1 b5 12. Qd3 Ne5 13. Qe2 b4 14. Nd5 Nxe4 15.
Nxb4 a5 16. Bd5 axb4 17. Bxe4 Rc8 18. Qd2 Rb8 19. Bd5 Qa5 20. Bb3 Nc6 21. Nxc6
Bxc6 22. Bd4 e5 23. Be3 d5 24. Bh6 Rfe8 25. Bxg7 Kxg7 26. a3 Qc5 27. axb4 Rxb4
28. Ra3 Rd4 29. Qe3 Qe7 30. Rea1 Qh4 31. Re1 Re4 32. Qd2 Rxe1+ 33. Qxe1 Qd4 34.
c3 Qb6 35. Qd1 Qb7 36. Qg4 Rd8 37. Qg5 f6 38. Qe3 d4 39. cxd4 exd4 40. Qg3 d3
41. Bd1 d2 42. Rc3 Re8 43. Re3 Rd8 44. b4 Qd7 45. Qf4 Ba4 46. Bxa4 Qxa4 47.
Re7+ Kg8 48. Qxf6 d1=Q+ 49. Kh2 Qd6+ 0-1

[Event "14. Open de la Constitución 2013"]
[Site "San Sebastian de los Reyes ES"]
[Date "2013.12.06"]
[Round "7.10"]
[White "Dierssen Garcia-Barredo, Guillermo"]
[Black "Minguela Muñoz, Bienvenido"]
[Result "1-0"]
[WhiteElo "1974"]
[BlackElo "1817"]
[PlyCount "87"]
[EventDate "2013.11.30"]
[EventType "swiss"]
[EventRounds "9"]
[EventCountry "ESP"]
[Source "lmi"]
[SourceDate "2013.11.30"]

1. e4 c5 2. c3 Nf6 3. e5 Nd5 4. d4 cxd4 5. Nf3 d3 6. Bxd3 e6 7. O-O d6 8. Re1
dxe5 9. Nxe5 Nc6 10. Bb5 Bd7 11. Qxd5 exd5 12. Nxc6+ Be7 13. Nxd8 Bxb5 14. Nxb7
Kd7 15. Be3 Rac8 16. b4 Bf6 17. Nc5+ Kc6 18. Bd4 Bg5 19. a4 Bc4 20. Na3 Rcd8
21. Nxc4 dxc4 22. Re2 h5 23. Rae1 Rhg8 24. g3 h4 25. b5+ Kc7 26. f4 Bf6 27.
Bxf6 gxf6 28. Kg2 hxg3 29. hxg3 Kb6 30. Ne4 Rd3 31. Rd2 Rgd8 32. Red1 f5 33.
Rxd3 cxd3 34. Nf2 d2 35. Kf3 Rc8 36. Rxd2 Rxc3+ 37. Rd3 Rc4 38. Rd6+ Kb7 39. a5
Rc5 40. Rd7+ Kb8 41. b6 axb6 42. axb6 Rb5 43. Rxf7 Rxb6 44. Rxf5 1-0

[Event "14. Open de la Constitución 2013"]
[Site "San Sebastian de los Reyes ES"]
[Date "2013.12.06"]
[Round "7.11"]
[White "Marcos Herrero, Francisco"]
[Black "Hernandez Ramos, David"]
[Result "0-1"]
[WhiteElo "1939"]
[BlackElo "1753"]
[PlyCount "58"]
[EventDate "2013.11.30"]
[EventType "swiss"]
[EventRounds "9"]
[EventCountry "ESP"]
[Source "lmi"]
[SourceDate "2013.11.30"]

1. d4 g6 2. g3 Bg7 3. Bg2 Nf6 4. c4 d5 5. cxd5 Nxd5 6. Nc3 Nxc3 7. bxc3 O-O 8.
Nf3 c5 9. O-O Nc6 10. e3 Qc7 11. Qe2 Rd8 12. Ba3 cxd4 13. Nxd4 Nxd4 14. cxd4 e5
15. d5 e4 16. Rac1 Qa5 17. Be7 Rxd5 18. Bxe4 Re5 19. Bd6 Rxe4 20. Rc5 Qa4 21.
Rfc1 Bd7 22. Rc7 Bc6 23. Qf3 f5 24. Qe2 a6 25. a3 Qb5 26. Qa2+ Qd5 27. Rxg7+
Kxg7 28. Qb2+ Kh6 29. Bf4+ Rxf4 0-1

[Event "14. Open de la Constitución 2013"]
[Site "San Sebastian de los Reyes ES"]
[Date "2013.12.06"]
[Round "7.12"]
[White "Soto Martin, Pablo"]
[Black "De La Orden Alcocer, Alejandro"]
[Result "1-0"]
[WhiteElo "1779"]
[BlackElo "1931"]
[PlyCount "61"]
[EventDate "2013.11.30"]
[EventType "swiss"]
[EventRounds "9"]
[EventCountry "ESP"]
[Source "lmi"]
[SourceDate "2013.11.30"]

1. e4 Nf6 2. e5 Nd5 3. d4 d6 4. c4 Nb6 5. exd6 exd6 6. Nc3 Be7 7. Bd3 Nc6 8.
Nge2 O-O 9. O-O Bf6 10. b3 Re8 11. Be3 Bg4 12. Qd2 a5 13. h3 Bd7 14. Rab1 Nb4
15. Be4 c6 16. a3 d5 17. axb4 axb4 18. cxd5 bxc3 19. Nxc3 cxd5 20. Bxd5 Bf5 21.
Bxb7 Rb8 22. Bc6 Nc4 23. bxc4 Bxb1 24. Bxe8 Bf5 25. Bb5 Qc8 26. Nd5 Bd8 27. Bg5
f6 28. Bf4 Ra8 29. Qe3 g5 30. Qe8+ Kg7 31. Bd6 1-0

[Event "14. Open de la Constitución 2013"]
[Site "San Sebastian de los Reyes ES"]
[Date "2013.12.06"]
[Round "7.13"]
[White "Lianes Garcia, Marcos"]
[Black "Largo Barbero, Benito"]
[Result "1-0"]
[WhiteElo "1790"]
[BlackElo "1920"]
[PlyCount "55"]
[EventDate "2013.11.30"]
[EventType "swiss"]
[EventRounds "9"]
[EventCountry "ESP"]
[Source "lmi"]
[SourceDate "2013.11.30"]

1. e4 e6 2. d4 d5 3. e5 c5 4. c3 Nc6 5. Nf3 Nh6 6. Bxh6 gxh6 7. Bb5 Bd7 8. Bxc6
Bxc6 9. O-O Qb6 10. Qb3 Qc7 11. Nbd2 O-O-O 12. Rfe1 Rg8 13. h3 Qd7 14. Qc2 f5
15. exf6 e5 16. Rxe5 Bd6 17. Rh5 Qf7 18. Rxh6 Qf8 19. Rh5 Qf7 20. Qxh7 Qf8 21.
Ne5 Kb8 22. Nxc6+ bxc6 23. Qf5 Kb7 24. Rh7+ Kb6 25. a4 a5 26. dxc5+ Bxc5 27. b4
axb4 28. a5+ 1-0

[Event "14. Open de la Constitución 2013"]
[Site "San Sebastian de los Reyes ES"]
[Date "2013.12.06"]
[Round "7.14"]
[White "Mazo Fernandez, Roberto"]
[Black "Montiel Miguelez, Manuel"]
[Result "1/2-1/2"]
[WhiteElo "1740"]
[BlackElo "1906"]
[PlyCount "93"]
[EventDate "2013.11.30"]
[EventType "swiss"]
[EventRounds "9"]
[EventCountry "ESP"]
[Source "lmi"]
[SourceDate "2013.11.30"]

1. d4 Nf6 2. c4 e6 3. Nc3 Bb4 4. e3 c5 5. Nf3 O-O 6. Bd3 d5 7. a3 Bxc3+ 8. bxc3
Nc6 9. O-O b6 10. Rb1 Ba6 11. cxd5 Bxd3 12. Qxd3 exd5 13. dxc5 bxc5 14. c4 dxc4
15. Qxc4 Qe7 16. Bb2 Ne4 17. Rfd1 Rfd8 18. Kf1 Rab8 19. Be5 Rxb1 20. Rxb1 Nxf2
21. Kxf2 Nxe5 22. Nxe5 Qxe5 23. Qf4 Qd5 24. Rb8 Qd2+ 25. Kf3 Qd1+ 26. Kf2 h6
27. Qc7 Qd2+ 28. Kf3 Qd5+ 29. Kf2 Qf5+ 30. Ke1 Rxb8 31. Qxb8+ Kh7 32. Qxa7 c4
33. Qd4 Qb1+ 34. Ke2 Qc2+ 35. Qd2 Qb3 36. Qb4 Qc2+ 37. Qd2 Qb3 38. Qb4 Qa2+ 39.
Qd2 Qxa3 40. Qc2+ Qd3+ 41. Qxd3+ cxd3+ 42. Kxd3 Kg6 43. e4 Kg5 44. Ke3 h5 45.
Kf3 h4 46. h3 g6 47. Ke3 1/2-1/2

[Event "14. Open de la Constitución 2013"]
[Site "San Sebastian de los Reyes ES"]
[Date "2013.12.06"]
[Round "7.15"]
[White "Cavalle Pulla, Daniel"]
[Black "Alvarez Gonzalez, Eduardo"]
[Result "1/2-1/2"]
[WhiteElo "1985"]
[BlackElo "1805"]
[PlyCount "84"]
[EventDate "2013.11.30"]
[EventType "swiss"]
[EventRounds "9"]
[EventCountry "ESP"]
[Source "lmi"]
[SourceDate "2013.11.30"]

1. e4 c6 2. d4 d5 3. Nc3 dxe4 4. Nxe4 Bf5 5. Ng3 Bg6 6. Bc4 e6 7. N1e2 Nf6 8.
O-O Bd6 9. Bf4 O-O 10. c3 Nd5 11. Bxd5 Bxf4 12. Bxc6 Bxg3 13. Bxb7 Bxh2+ 14.
Kh1 Qh4 15. g4 Bc7+ 16. Kg2 Qxg4+ 17. Ng3 Qxd1 18. Rfxd1 Nd7 19. Bxa8 Rxa8 20.
d5 exd5 21. Rxd5 Nf6 22. Rc5 Bb6 23. Rc6 Ne4 24. Rxg6 hxg6 25. Nxe4 Re8 26. Ng3
Rd8 27. Re1 Kf8 28. Re2 f5 29. c4 Rd4 30. b3 Kf7 31. Nf1 Kf6 32. Ne3 Re4 33.
Nd5+ Ke5 34. f4+ Kd4 35. Rd2+ Kc5 36. Nxb6 axb6 37. Rd5+ Kc6 38. Kf3 Re1 39.
Re5 Ra1 40. b4 Kd6 41. Rd5+ Kc7 42. Re5 Kd7 1/2-1/2

[Event "14. Open de la Constitución 2013"]
[Site "San Sebastian de los Reyes ES"]
[Date "2013.12.06"]
[Round "7.16"]
[White "Bustos Serrano, Doroteo"]
[Black "Cerrato Torrijos, Javier"]
[Result "1-0"]
[WhiteElo "2055"]
[BlackElo "1794"]
[PlyCount "77"]
[EventDate "2013.11.30"]
[EventType "swiss"]
[EventRounds "9"]
[EventCountry "ESP"]
[Source "lmi"]
[SourceDate "2013.11.30"]

1. e4 c5 2. Nf3 Nc6 3. c3 d5 4. exd5 Qxd5 5. d4 Nf6 6. c4 Qe4+ 7. Be3 Nb4 8.
Nc3 Nc2+ 9. Kd2 Nxe3 10. Nxe4 Nxd1 11. Nxf6+ exf6 12. Rxd1 cxd4 13. Nxd4 Be6
14. Kc3 a5 15. a3 Bc5 16. Bd3 O-O 17. Rhe1 Rfe8 18. Be4 Re7 19. f3 g6 20. Nb5
f5 21. Bd5 Rc8 22. Bxe6 fxe6 23. Re2 Kf7 24. b4 axb4+ 25. axb4 Kf6 26. bxc5
Rxc5 27. Kb4 Rc6 28. Rd6 Rc8 29. f4 h6 30. c5 g5 31. g3 gxf4 32. gxf4 Rg8 33.
Nd4 Rge8 34. Kb5 h5 35. Kb6 h4 36. Rexe6+ Rxe6 37. Rxe6+ Rxe6+ 38. Nxe6 Kxe6
39. Kxb7 1-0

[Event "14. Open de la Constitución 2013"]
[Site "San Sebastian de los Reyes ES"]
[Date "2013.12.06"]
[Round "7.17"]
[White "Sacristan Virseda, Fernando"]
[Black "Igea Benito, Angel"]
[Result "1-0"]
[WhiteElo "1941"]
[BlackElo "1583"]
[PlyCount "85"]
[EventDate "2013.11.30"]
[EventType "swiss"]
[EventRounds "9"]
[EventCountry "ESP"]
[Source "lmi"]
[SourceDate "2013.11.30"]

1. e4 b6 2. Nc3 Bb7 3. g3 e6 4. Bg2 g6 5. d3 Bg7 6. Nge2 Ne7 7. O-O d6 8. Bg5
h6 9. Be3 Nd7 10. Qd2 Ne5 11. h3 f5 12. Nf4 Qd7 13. Qe2 O-O 14. d4 Nf7 15. Rfe1
e5 16. dxe5 Nxe5 17. Ncd5 Rae8 18. Nxe7+ Rxe7 19. Nd5 Bxd5 20. exd5 Rfe8 21. c3
Kh7 22. Qf1 a5 23. Bd4 Qa4 24. b3 Qd7 25. f4 Nf7 26. Bxg7 Kxg7 27. Rxe7 Qxe7
28. Qc4 Qe3+ 29. Kh2 Re7 30. Rf1 Qe2 31. Qd4+ Kh7 32. Rf2 Qe3 33. Rd2 Qxd4 34.
Rxd4 Re2 35. a4 Rb2 36. b4 axb4 37. Rxb4 Rc2 38. Rc4 Ra2 39. Rxc7 Kg7 40. Rc4
Rb2 41. Rb4 Rxb4 42. cxb4 Nd8 43. a5 1-0

[Event "14. Open de la Constitución 2013"]
[Site "San Sebastian de los Reyes ES"]
[Date "2013.12.06"]
[Round "7.18"]
[White "Soto Martin, Miguel"]
[Black "Alfaya Marcelo, Roberto"]
[Result "0-1"]
[WhiteElo "1637"]
[BlackElo "1893"]
[PlyCount "90"]
[EventDate "2013.11.30"]
[EventType "swiss"]
[EventRounds "9"]
[EventCountry "ESP"]
[Source "lmi"]
[SourceDate "2013.11.30"]

1. d4 Nf6 2. Nf3 g6 3. g3 Bg7 4. Bg2 O-O 5. O-O d6 6. a4 a5 7. b3 Nbd7 8. Bb2
d5 9. Nbd2 c6 10. Re1 Qc7 11. e4 dxe4 12. Nxe4 Nxe4 13. Rxe4 Nf6 14. Re1 Be6
15. Qe2 Rfe8 16. Rad1 Rad8 17. Ne5 Bd5 18. f3 Qb6 19. Qd2 Be6 20. Bc3 Ra8 21.
f4 Qc7 22. Bb2 Bd5 23. Bf1 Red8 24. c4 Be6 25. Bg2 Ng4 26. Qe2 Nxe5 27. dxe5
Qb6+ 28. Kh1 Qxb3 29. Bd4 Bxc4 30. Qe3 Qxe3 31. Bxe3 e6 32. Rb1 Rd7 33. Rb2 Bf8
34. Reb1 Bb4 35. Bf2 Bd5 36. Be1 Bxg2+ 37. Kxg2 c5 38. Rc2 b6 39. Kf3 h5 40.
Kg2 Rad8 41. Kh3 Rd1 42. Rxd1 Rxd1 43. Bxb4 axb4 44. Kh4 Ra1 45. Kg5 Kg7 0-1

[Event "14. Open de la Constitución 2013"]
[Site "San Sebastian de los Reyes ES"]
[Date "2013.12.06"]
[Round "7.19"]
[White "Perez Gonzalez, Jesus Miguel"]
[Black "Sebastian Enesco, Alex"]
[Result "1-0"]
[WhiteElo "1810"]
[BlackElo "1775"]
[PlyCount "89"]
[EventDate "2013.11.30"]
[EventType "swiss"]
[EventRounds "9"]
[EventCountry "ESP"]
[Source "lmi"]
[SourceDate "2013.11.30"]

1. g3 e5 2. Bg2 g6 3. d3 Bg7 4. Nf3 d6 5. O-O Nd7 6. e4 Ngf6 7. Nbd2 O-O 8. Nc4
a5 9. h3 b5 10. Ne3 c6 11. Bd2 Ne8 12. c3 Nc5 13. Bc1 f5 14. exf5 gxf5 15. d4
exd4 16. Nxd4 f4 17. Nxc6 Qc7 18. Nd5 Qf7 19. Nxf4 Kh8 20. Nd8 Qe7 21. Bxa8
Qxd8 22. Bd5 Nf6 23. Bg2 Bf5 24. Re1 Nce4 25. Be3 Qe8 26. Bd4 Qf7 27. g4 Bg6
28. Nxg6+ Qxg6 29. Bxe4 Nxe4 30. Bxg7+ Kxg7 31. Qd4+ Nf6 32. Re7+ Kg8 33. Rae1
h5 34. Qxd6 hxg4 35. Qe6+ Kh8 36. hxg4 Rg8 37. f3 b4 38. Rf7 bxc3 39. Qxf6+
Qxf6 40. Rxf6 cxb2 41. Rb6 a4 42. Rxb2 a3 43. Rb7 Rg6 44. Kg2 Rg8 45. Rh1# 1-0

[Event "14. Open de la Constitución 2013"]
[Site "San Sebastian de los Reyes ES"]
[Date "2013.12.06"]
[Round "7.20"]
[White "Ruiz Sanchez, Roberto"]
[Black "Anton Quevedo, Andrea"]
[Result "1-0"]
[WhiteElo "1972"]
[BlackElo "1504"]
[PlyCount "55"]
[EventDate "2013.11.30"]
[EventType "swiss"]
[EventRounds "9"]
[EventCountry "ESP"]
[Source "lmi"]
[SourceDate "2013.11.30"]

1. e4 c5 2. Nf3 d6 3. d4 cxd4 4. Nxd4 Nf6 5. Nc3 Nc6 6. Bg5 e6 7. Qd2 Bd7 8.
Ndb5 Bc8 9. O-O-O h6 10. Bxf6 Qxf6 11. Nc7+ Kd8 12. Nxa8 Qe5 13. Nb5 Kd7 14.
Qe3 a6 15. f4 Qf6 16. Nb6+ Kd8 17. e5 Qg6 18. Nxd6 Bxd6 19. Rxd6+ Kc7 20. Na4
Kb8 21. g3 f5 22. Qb6 Ne7 23. Bg2 Qe8 24. Nc5 Qb5 25. Qxb5 axb5 26. Rhd1 Kc7
27. Nxe6+ Bxe6 28. Rxe6 1-0